श्रीकृष्ण बाल - लीला / (Record no. 121515)

MARC details
000 -LEADER
fixed length control field 01127nam a22002537a 4500
005 - DATE AND TIME OF LATEST TRANSACTION
control field 20170124103216.0
010 ## - LIBRARY OF CONGRESS CONTROL NUMBER
LC control number B-180658
020 ## - INTERNATIONAL STANDARD BOOK NUMBER
Terms of availability 200.00
International Standard Book Number 8188536024
035 ## - SYSTEM CONTROL NUMBER
System control number B-180658
037 ## - SOURCE OF ACQUISITION
Source of stock number/acquisition Cen Lib/Ret
040 ## - CATALOGING SOURCE
Original cataloging agency DPL
Language of cataloging HN
082 ## - DEWEY DECIMAL CLASSIFICATION NUMBER
Classification number 230.1
Item number चन्द्रशे
100 ## - MAIN ENTRY--PERSONAL NAME
Personal name चन्द्रशेखर शास्त्री
9 (RLIN) 43628
245 ## - TITLE STATEMENT
Title श्रीकृष्ण बाल - लीला /
Statement of responsibility, etc चन्द्रशेखर शास्त्री
246 ## - VARYING FORM OF TITLE
Title proper/short title Shreekrihn baal - leela /
Remainder of title by Chandrashekhar Shastri
260 ## - PUBLICATION, DISTRIBUTION, ETC. (IMPRINT)
Place of publication, distribution, etc दिल्ली
Name of publisher, distributor, etc गुरुकुल विद्यापीठ प्रकाशन
Date of publication, distribution, etc 2004
270 ## - ADDRESS
City दिल्ली
Address सी-९/96, यमुना विहार
Postal code 110053
300 ## - PHYSICAL DESCRIPTION
Extent 178पृ.
Dimensions 20सेमी(सजिल्द )
650 ## - SUBJECT ADDED ENTRY--TOPICAL TERM
Topical term or geographic name as entry element हिन्दू धर्म
General subdivision
Geographic subdivision
9 (RLIN) 99010
650 ## - SUBJECT ADDED ENTRY--TOPICAL TERM
Topical term or geographic name as entry element हिन्दू धर्म -- बाल लीला
9 (RLIN) 78703
650 ## - SUBJECT ADDED ENTRY--TOPICAL TERM
Topical term or geographic name as entry element Hinduism
9 (RLIN) 99011
650 ## - SUBJECT ADDED ENTRY--TOPICAL TERM
Topical term or geographic name as entry element Hinduism - Bal Leela
9 (RLIN) 99012
942 ## - ADDED ENTRY ELEMENTS (KOHA)
Source of classification or shelving scheme Dewey Decimal Classification
Koha item type Hindi Books
Classification part 230.1
Call number suffix चन्द्रशे
Holdings
Withdrawn status Lost status Damaged status Not for loan Home library Current library Date acquired Source of acquisition Cost, normal purchase price Total Checkouts Full call number Barcode Date last seen Date checked out Copy number Cost, replacement price Price effective from Koha item type
        Central Library Central Library 08/10/2015 Cen Lib/Ref 200.00 4 230.1 चन्द्रशे B-180658 04/11/2024 19/10/2024 1 200.00 08/10/2015 Hindi Books

© Delhi Public Library
Hit Counter
free hit counter